A carregar...
Barron's simplified approach to Moliere : detailed analyses and summaries
| Autor principal: | |
|---|---|
| Formato: | Printed Book |
| Idioma: | English |
| Publicado em: |
New York :
barron's educational ,
c1965.
|
| LEADER | 00486nam a22001217a 4500 | ||
|---|---|---|---|
| 008 | 170421b xxu||||| |||| 00| 0 eng d | ||
| 100 | |a Grebanier, Bernard | ||
| 245 | |a Barron's simplified approach to Moliere : |b detailed analyses and summaries | ||
| 260 | |a New York : |b barron's educational , |c c1965. | ||
| 300 | |b 195p. | ||
| 942 | |c BK | ||
| 999 | |c 198176 |d 198176 | ||
| 952 | |0 0 |1 0 |4 0 |6 822_400000000000000_GRE_M |7 0 |9 219195 |a ENG |b ENG |c ST1 |d 2017-04-21 |i 11014 |l 0 |o 822.4 GRE/M |p ENG11014 |r 2017-04-21 |w 2018-08-21 |y BK | ||